Obálka Náhled e-knihy:
PDF Epub
Pro půjčování e-knih musíte být přihlášeni.
Jak si půjčit online?

Krása /

Tragikomický příběh člověka, který se nenaučil říkat NE! Jakýsi český Forrest Gump, nerozhodný mladý muž Pavel Krása se po dvouleté vojenské presenční službě vrací do rodné vesnice právě v době, kdy se ve všech pádech skloňuje slovo „přestavba“. A jak do života pracovníka JZD Pokrok Nová Ves zasáhne...

Celý popis

Uloženo v:
Hlavní autor: Franc, Václav (Autor)
Médium: E-kniha
Jazyk:Czech
Vydáno: Praha : E-knihy jedou, 2026
Tagy:
Žádné tagy
LEADER 01753nam a22002297i 4500
001 301509
007 ta
008 260430s2026 xr ||||| |||| 00| 0 cze d
020 |a 9990004265356 
044 |a xr 
100 1 |a  Franc, Václav  |4 aut 
245 1 0 |a Krása /  |c  Franc, Václav 
264 1 |a Praha :  |b E-knihy jedou,  |c 2026 
300 |a 1 online zdroj (123 stran) 
336 |a text  |b txt  |2 rdacontent 
337 |a bez média  |b n  |2 rdamedia 
338 |a online zdroj  |b cr  |2 rdacarrier 
520 2 |a Tragikomický příběh člověka, který se nenaučil říkat NE! Jakýsi český Forrest Gump, nerozhodný mladý muž Pavel Krása se po dvouleté vojenské presenční službě vrací do rodné vesnice právě v době, kdy se ve všech pádech skloňuje slovo „přestavba“. A jak do života pracovníka JZD Pokrok Nová Ves zasáhne „sametovka“? Příběh s humornou nadsázkou, na osudu Pavla Krásy, mapuje společenské změny naší vesnice v dobách, kdy jsme začali budovat „demokracii“. Krása je vtažen do přelomových událostí kolem roku 1989, jejichž smysl a význam mu ovšem uniká. Přežije dva roky šikany na vojně a po návratu do civilu se dokonce ožení s nejrajcovnější dívkou ze vsi. Zkušený čtenář už ale asi tuší, že happyend se ani tentokrát konat nebude… 
910 |a RBIT002 
998 |d 426535  |a https://core.palmknihy.cz/api/books/426535/cover?te7nkc  |b https://core.palmknihy.cz/api/books/426535/cover/400?te7nkc  |c https://core.palmknihy.cz/api/books/426535/cover/50?te7nkc  |e   |g 123  |i 9990004265356  |j https://core.palmknihy.cz/api/books/426535/preview.epub  |k https://core.palmknihy.cz/api/books/426535/preview.pdf  |l   |q 49  |r 1  |s https://www.palmknihy.cz/kniha/426535  |t ebook  |y 2026  |z 1 
999 |d 301507